Devine la lettre avec ces lettres dans le désordre - Statistiques

Statistiques générales
  • Ce quiz a été pris 63 fois
  • Le résultat moyen est 8 sur 10
Statistiques - réponses
Lettres Ville % Correct
N O J I D DIJON
100%
Z T E M METZ
100%
XU A E D R O B BORDEAUX
98%
N E A C CAEN
97%
R E P M I U Q QUIMPER
88%
E R R E S X U A AUXERRE
83%
Y R E B M A H C CHAMBERY
80%
T R O I N NIORT
77%
E L L E H C O R A L LA ROCHELLE
72%
S E N I M E U G G E R R A S SARREGUEMINES
38%
Aucun quiz correspondant
Distribution des résultats
% des personnes avec chaque résultat
Percentile par nombre de réponses
Votre historique - résultats
Vous n’avez pas pris ce quiz